00449cam a2200169u 4500001001300000003000400013005001700017008004100034010001700075040001900092050001500111100003200126245002900158260002700187300004800214999001700262unk82026724 DLC20260227112759.0830111s1923 pauab 000 0 eng  aunk82026724  aDLCcCarPdDLC00aF566b.D261 aDavis, Darrell Haug,d1879-10aGeography of Michigan... a[Philadelphia,cc1923] a1 p.bl., 41 p. illus. (incl. maps)c25 cm. c91372d91372